[Event "12th Essent Open"]
[Site "Hoogeveen NED"]
[Date "2008.10.20"]
[Round "4"]
[White "Haitsma,A"]
[Black "Hovenga,A"]
[Result "1/2-1/2"]
[WhiteElo "2107"]
[BlackElo "2253"]

1.c4 c6 2.d4 d5 3.Nf3 e6 4.Nc3 dxc4 5.a4 Bb4 6.g3 c5 7.e3 Nf6 8.Bxc4 O-O
9.O-O Qa5 10.Qb3 cxd4 11.Nxd4 Bxc3 12.Qxc3 Qh5 13.Be2 Qh3 14.f3 e5 15.Nb5 Nc6
16.e4 Be6 17.Be3 Rac8 18.Qa3 a6 19.Nd6 Rc7 20.Rfd1 Rd7 21.Bb6 Qh5 22.Qe3 Qg6
23.Rd2 Nh5 24.Rad1 Bh3 25.Qf2 Nf4 26.Bc4 Be6 27.Kh1 Nh3 28.Qe3 Ng5 29.Be2 Bh3
30.Nc4 Rxd2 31.Nxd2 Ne6 32.Nb3 f5 33.exf5 Bxf5 34.Rd6 h5 35.Nc5 Ncd4 36.Nxe6 Nxe6
37.Qxe5 Rc8 38.Be3 Rc2 39.Bd1 Rc8 40.Bb3 Re8 41.Kg2 Kh7 42.Bxe6 Bxe6 43.Kf2 Qc2+
44.Rd2 Qg6 45.Qg5 Qxg5 46.Bxg5 Kg6 47.Be3 Re7 48.Rd6 Kf7 49.Rd8 Re8  1/2-1/2

[Event "24th ECC"]
[Site "Kallithea GRE"]
[Date "2008.10.20"]
[Round "4"]
[White "Gislason,G"]
[Black "Dambrauskas,V"]
[Result "1-0"]
[WhiteElo "2328"]
[BlackElo "2338"]

1.c4 c6 2.d4 d5 3.cxd5 cxd5 4.Nf3 Nc6 5.Nc3 Nf6 6.Bf4 Nh5 7.Bg3 Nxg3 8.hxg3 e6
9.e3 Be7 10.Bd3 h6 11.a3 Bd7 12.Rc1 Rc8 13.Qe2 Qb6 14.O-O O-O 15.b4 a5 16.b5 Nb8
17.Na4 Qd8 18.Bb1 Bd6 19.Rxc8 Bxc8 20.Qd3 g6 21.Nh4 Qe7 22.Nb6 Rd8 23.a4 Nd7
24.Nxg6 fxg6 25.Qxg6+ Kf8 26.Nxc8 Rxc8 27.Qxh6+ Ke8 28.e4 dxe4 29.Bxe4 Nf8
30.b6 Bb4 31.Rd1 Qd6 32.g4 Qxb6 33.g5 Bd6 34.Qh5+ Kd8 35.g6 Rc7 36.Qg5+ Be7
37.g7 Bxg5 38.gxf8=Q+ Kd7 39.d5 Rc1 40.dxe6+ Kc7 41.Rxc1+ Bxc1 42.e7 Qd6  1-0

[Event "24th ECC"]
[Site "Kallithea GRE"]
[Date "2008.10.21"]
[Round "5"]
[White "Anastasian,A"]
[Black "Saltaev,M"]
[Result "1/2-1/2"]
[WhiteElo "2565"]
[BlackElo "2484"]

1.c4 c6 2.Nf3 d5 3.e3 Nf6 4.Nc3 e6 5.b3 Nbd7 6.Qc2 Bd6 7.Bb2 O-O 8.Be2 b6
9.O-O Bb7 10.d4 Qe7 11.Rac1 Rad8 12.Rfd1 Rfe8 13.Qb1 a6 14.a4 c5 15.cxd5 exd5
16.Qf5 Qe6 17.Bd3 Ne4 18.Qxe6 Rxe6 19.Bxe4 dxe4 20.d5 Ree8 21.Nd2 f5 22.Nc4 Be5
23.Rc2 Ba8 24.Ne2 Bxb2 25.Rxb2 Ne5 26.Nxb6 Nd3 27.Rbd2 Bxd5 28.Nxd5 Rxd5
29.Nc3 Rde5 30.f3 Rb8 31.fxe4 fxe4 32.Nxe4 Rxb3 33.Rxd3 Rxd3 34.Rxd3 Rxe4
35.Rd5  1/2-1/2

[Event "24th ECC"]
[Site "Kallithea GRE"]
[Date "2008.10.22"]
[Round "6"]
[White "Israel,G"]
[Black "Duncan,C"]
[Result "0-1"]
[WhiteElo "2159"]
[BlackElo "2294"]

1.c4 c6 2.d4 d5 3.Nf3 Nf6 4.Nc3 dxc4 5.a4 c5 6.d5 Bf5 7.e3 e6 8.Bxc4 exd5
9.Nxd5 Nc6 10.O-O Bd6 11.b3 O-O 12.Bb2 Ne4 13.Nc3 Qe7 14.Qd5 Bg6 15.Nxe4 Bxe4
16.Qh5 Rad8 17.Bc3 Bg6 18.Qg4 Ne5 19.Nxe5 Bxe5 20.Bxe5 Qxe5 21.Qf3 Be4 22.Qg4 Rd6
23.f3 Rf6 24.f4 Qc3 25.Qe2 Rd6 26.Rac1 Qf6 27.Rfd1 Rfd8 28.Rxd6 Qxd6 29.Re1 b6
30.g4 h5 31.gxh5 Qd7 32.h6 Qh3 33.h7+ Qxh7 34.Qg4 Qh6 35.Qg5 Qd6 36.f5 Re8
37.Qh5 Qe7 38.Rf1 Qf6 39.Rf4 Re5 40.Rh4 g6 41.Qh7+ Kf8 42.Qh6+ Ke7 43.Rf4 g5
44.Qxf6+ Kxf6 45.Rf1 Rxf5 46.Rd1 Ke7 47.Bb5 Rd5 48.Rc1 Rd2 49.Bf1 f5 50.a5 Kd6
51.axb6 axb6  0-1

[Event "WYCC Boys U18"]
[Site "Vung Tau City VIE"]
[Date "2008.10.22"]
[Round "3"]
[White "Carlstedt,J"]
[Black "Matlakov,M"]
[Result "0-1"]
[WhiteElo "2286"]
[BlackElo "2490"]

1.c4 c6 2.g3 d5 3.Bg2 Nf6 4.Nf3 dxc4 5.Qc2 Qd5 6.Nc3 Qa5 7.Nd1 b5 8.Ne5 Bb7
9.O-O Nbd7 10.f4 e6 11.d4 cxd3 12.Nxd3 Be7 13.b4 Qc7 14.a4 bxa4 15.Rxa4 O-O
16.Ne3 a5 17.bxa5 Rxa5 18.Rxa5 Qxa5 19.Bd2 Qa7 20.Rb1 Nd5 21.Kh1 c5 22.Qb3 Rb8
23.Qc2 Nb4 24.Nxb4 cxb4 25.Qc4 Bxg2+ 26.Kxg2 Qb7+ 27.Kh3 b3 28.f5 Nc5 29.fxe6 fxe6
30.Nf5 Bf8 31.Bf4 Rd8 32.Be3 Qf7 33.Nh4 Rd5 34.Kg2 g5 35.Nf3 Qf5 36.Rf1 b2
37.Qa2 g4 38.Nd2 Qe5 39.Bxc5 Bxc5 40.Qa8+ Kg7 41.Qb7+ Kh6 42.Qf7 b1=Q 43.Rxb1 Rxd2  0-1

[Event "24th ECC"]
[Site "Kallithea GRE"]
[Date "2008.10.23"]
[Round "7"]
[White "Bauduin,E"]
[Black "Fiebig,T"]
[Result "0-1"]
[WhiteElo "2309"]
[BlackElo "2401"]

1.c4 c6 2.e4 d5 3.exd5 cxd5 4.cxd5 Nf6 5.Nc3 Nxd5 6.Nf3 e6 7.Bb5+ Bd7 8.Bc4 Bc6
9.O-O Be7 10.d4 O-O 11.Ne5 Nxc3 12.bxc3 Bd5 13.Bd3 Nd7 14.Re1 Rc8 15.Nxd7 Qxd7
16.Re3 g6 17.Bd2 Rfd8 18.Qe2 Qc6 19.Be4 Bf6 20.f4 Bxe4 21.Rxe4 Rd5 22.Rb1 b6
23.Be1 Ra5 24.c4 Rxa2 25.Qxa2 Qxe4  0-1

[Event "WYCC Boys U16"]
[Site "Vung Tau City VIE"]
[Date "2008.10.23"]
[Round "5"]
[White "Morris,J"]
[Black "Nguyen Van Hai"]
[Result "1/2-1/2"]
[WhiteElo "2087"]
[BlackElo "2268"]

1.c4 c6 2.Nf3 d5 3.b3 Nf6 4.g3 Bf5 5.Bg2 e6 6.Bb2 Nbd7 7.d3 h6 8.O-O Be7
9.Nbd2 O-O 10.Nd4 Bh7 11.Nc2 a5 12.a3 Qc7 13.b4 Nb6 14.cxd5 exd5 15.Nb3 axb4
16.axb4 Rxa1 17.Bxa1 Ra8 18.Bd4 Nc8 19.Qb1 Nd6 20.Qb2 Nb5 21.Bc5 Bg6 22.Ra1 Rxa1+
23.Qxa1 Kh7 24.Ncd4 Nxd4 25.Qxd4 Bd8 26.Qc3 Bh5 27.e4 dxe4 28.dxe4 Bg6 29.Qd4 Ne8
30.e5 b6 31.Bd6 Nxd6 32.Qxd6 Qc8 33.h3 Bc7 34.Qe7 c5 35.bxc5 bxc5 36.Nxc5 Bb6
37.Ne4 Qc1+ 38.Kh2 Qe1 39.e6 Bxf2 40.Nxf2 Qxf2 41.exf7  1/2-1/2

[Event "Magistral Endesa GM"]
[Site "Endesa CHI"]
[Date "2008.10.25"]
[Round "3"]
[White "Valdes Escobar,A"]
[Black "Vasquez,R"]
[Result "0-1"]
[WhiteElo "2305"]
[BlackElo "2522"]

1.c4 c6 2.e4 d5 3.exd5 Nf6 4.d4 cxd5 5.Nc3 e6 6.c5 Nc6 7.Nf3 Bd7 8.a3 b6
9.b4 bxc5 10.bxc5 Ne4 11.Qc2 Qa5 12.Bd2 Nxd2 13.Qxd2 Rb8 14.Be2 Rb3 15.Nb1 Qxd2+
16.Nbxd2 Rb2 17.Rb1 Rxb1+ 18.Nxb1 g6 19.Bb5 Bg7 20.Bxc6 Bxc6 21.Ne5 Bxe5
22.dxe5 Kd7 23.Kd2 Rb8 24.Rc1 d4 25.Kd3 Rb2 26.Nd2 Bb5+ 27.Nc4 Rxf2 28.Kxd4 Rf4+
29.Kd3 Kc6 30.g3 Rxc4  0-1

[Event "92nd ch-Marshall CC"]
[Site "New York USA"]
[Date "2008.10.25"]
[Round "6"]
[White "Sobo,H"]
[Black "Rabin,E"]
[Result "1/2-1/2"]
[WhiteElo "2101"]
[BlackElo "2027"]

1.c4 c6 2.g3 d5 3.Bg2 Nf6 4.Nf3 dxc4 5.Qc2 Be6 6.Ng5 Bd5 7.e4 h6 8.exd5 hxg5
9.dxc6 Nxc6 10.Bxc6+ bxc6 11.Qxc4 Qd5 12.Qxd5 cxd5 13.d3 g4 14.Nc3 e6 15.Be3 Nd7
16.Rc1 Ne5 17.Ke2 Nf3 18.Nb5 Rb8 19.Nc7+ Kd7 20.b3 d4 21.Bd2 Bd6 22.Na6 Rb5
23.b4 Nxd2 24.Kxd2 Bxb4+ 25.Nxb4 Rxb4 26.Rc2 Rhb8 27.h3 gxh3 28.Rxh3 Ke7
29.Rh5 Rb2 30.Rc5 Rxc2+ 31.Kxc2 Kd7 32.Ra5 Rb7 33.f4 f6 34.Ra4 e5 35.fxe5 fxe5
36.Ra6 Ke7 37.g4 Kf7 38.g5 g6 39.Rf6+ Kg7 40.Re6 Rc7+ 41.Kd2 Rb7  1/2-1/2

[Event "Grand Prix CCAS"]
[Site "Cap D'Agde FRA"]
[Date "2008.10.26"]
[Round "2"]
[White "Ivanov,Jo"]
[Black "Maleki,N"]
[Result "1-0"]
[WhiteElo "2428"]
[BlackElo "2198"]

1.c4 c6 2.e4 d5 3.exd5 cxd5 4.cxd5 Nf6 5.Nc3 Nxd5 6.Nf3 Nc6 7.d4 e6 8.Bd3 Be7
9.O-O a6 10.Re1 b5 11.Nxd5 exd5 12.Bg5 f6 13.Bd2 Bg4 14.Rc1 Rc8 15.h3 Bd7
16.Nh4 g6 17.Qf3 Nxd4 18.Qxf6  1-0

[Event "92nd ch-Marshall CC"]
[Site "New York USA"]
[Date "2008.10.26"]
[Round "8"]
[White "Izoria,Z"]
[Black "Lenderman,A"]
[Result "1-0"]
[WhiteElo "2610"]
[BlackElo "2443"]

1.c4 c6 2.Nf3 d5 3.d4 Nf6 4.Nc3 a6 5.g3 b5 6.c5 Bf5 7.Bg2 e6 8.Ne5 Qc8 9.f3 h6
10.e4 Bh7 11.Nd3 a5 12.e5 Ng8 13.Be3 Ne7 14.Bf2 Na6 15.O-O Nc7 16.Nf4 Ra7
17.Qd2 Kd8 18.g4 Qd7 19.Bg3 Kc8 20.h4 g6 21.Rf2 Bg7 22.Re1 Kb7 23.Bf1 Raa8
24.Ng2 Bg8 25.Bf4 Bf8 26.Bd3 Ne8 27.a4 b4 28.Nb5 cxb5 29.axb5 Kc8 30.Ra1 Qb7
31.Be3 Nc7 32.b6 Ne8 33.Bb5 Nc7 34.Bf1 Ne8 35.b3 h5 36.g5 Ng7 37.Bb5 Ngf5
38.Qd3 Nc6 39.Bxc6 Qxc6 40.Rfa2 f6 41.Rxa5 Rxa5 42.Rxa5 Kb8 43.gxf6 Rh7 44.Bf2 Bf7
45.Ne1 g5 46.Nc2  1-0

[Event "WYCC Boys U18"]
[Site "Vung Tau City VIE"]
[Date "2008.10.26"]
[Round "7"]
[White "Carlstedt,J"]
[Black "Klimov,A"]
[Result "1-0"]
[WhiteElo "2286"]
[BlackElo "2451"]

1.c4 c6 2.g3 d5 3.Bg2 Nf6 4.Nf3 dxc4 5.O-O Be6 6.Ng5 Bf5 7.Na3 h6 8.Nf3 Qd5
9.b3 cxb3 10.axb3 e6 11.d3 Qd8 12.Be3 Nbd7 13.Nc4 Bc5 14.Bxc5 Nxc5 15.e4 b5
16.exf5 bxc4 17.Ne5 O-O 18.Nxc6 Qc7 19.bxc4 exf5 20.d4 Nce4 21.d5 a5 22.Qd4 a4
23.Rfe1 Kh8 24.f3 Ng5 25.Re5 Rfe8 26.f4 Nge4 27.Rxf5 Qd6 28.Ne5 Qc5 29.Qxc5 Nxc5
30.d6 Nb3 31.Bxa8 Rxa8 32.Ra2 Nd4 33.Rxf6 gxf6 34.Nd3 Nc6 35.Kf2 Kg7 36.Ke3 f5
37.Kd2 Kf6 38.Kc3 Ke6 39.c5 Kd5 40.Rd2 a3 41.d7 a2 42.Rxa2 Rxa2 43.Nb4+ Ke6
44.Nxa2 Kxd7 45.Kc4 Na5+ 46.Kb5 Nb3 47.Kb6 Kc8 48.Nb4 Nd2 49.Nd5 Nc4+ 50.Kc6 Kd8
51.Nb6 Nd2 52.Kb7 Nb3 53.Kc6 Nd2 54.Na4 Nc4 55.Kd5 Ne3+ 56.Kd4 Nf1 57.Ke5 Nxh2
58.Kd6  1-0

[Event "I Gedeon Barcza Mem"]
[Site "Budapest HUN"]
[Date "2008.10.28"]
[Round "2"]
[White "Ruck,R1"]
[Black "Kulaots,K"]
[Result "1/2-1/2"]
[WhiteElo "2574"]
[BlackElo "2556"]

1.c4 c6 2.d4 d5 3.Nf3 Nf6 4.Nc3 dxc4 5.a4 Bf5 6.Ne5 Nbd7 7.Nxc4 Nb6 8.Ne5 a5
9.g3 e6 10.Bg2 Bb4 11.O-O O-O 12.e3 h6 13.Qe2 Bh7 14.Rd1 Nfd7 15.Nd3 Qf6
16.Ne4 Qe7 17.Nxb4 Qxb4 18.Bd2 Qb3 19.Nd6 Bc2 20.Rdc1 Bd3 21.Qe1 Qxb2 22.Bc3 Qe2
23.Qxe2 Bxe2 24.Nxb7 Nd5 25.Bd2 Rfc8 26.Nxa5 c5 27.Nb7 cxd4 28.Rxc8+ Rxc8
29.exd4 Ba6 30.Nd6 Rc6 31.Ne4 Rc2 32.Be3 Nxe3 33.fxe3 Rxg2+ 34.Kxg2 Bb7 35.a5 Bxe4+
36.Kf2 Kf8 37.a6 Ke7 38.a7 Nb6 39.Ra6 Na8 40.Ra2 h5 41.h3 Kd7 42.Rb2 Nc7
43.Rb8 g6 44.g4 hxg4 45.hxg4 g5 46.Rg8 f6 47.Rg7+ Kc8 48.Kg3 Ne8 49.Re7 Nc7
50.Rf7 Ne8 51.Kf2 Bd5 52.Ke2 Kd8 53.Kd3 Ba8 54.Kc2 Bd5 55.Kb2 Kc8 56.Ka3 Nd6
57.Rf8+ Kc7 58.Kb4 Nc8 59.Rxf6 Nxa7 60.Kc5 Nc8 61.Rf7+ Kd8 62.Rg7 Ke8 63.Rg8+ Kd7
64.Rxg5 Ne7 65.Rg7 Be4 66.Rf7 Bd3 67.Rf4 Nd5 68.Rf7+ Ke8 69.Rf3 Ke7 70.g5 Be4
71.Rg3 Bg6 72.Rf3 Be4 73.Rh3 Bg6 74.Rh6 Kf7 75.Rh3 Ke7 76.Kc4 Bf5 77.Rg3 Kf7
78.Kc5 Nc3 79.Rg1 Ne4+ 80.Kc6 Kg6 81.Kd7 Nxg5 82.Ke7 Be4 83.Rg4 Bf5 84.Rf4 Nh3
85.Rf3 Ng5 86.Rg3 Be4 87.Rg4 Bf5 88.Rg1 Be4 89.Rg4 Bf5 90.Rg1 Be4 91.Rf1 Bf5
92.Rg1 Be4  1/2-1/2

[Event "Grand Prix CCAS"]
[Site "Cap D'Agde FRA"]
[Date "2008.10.28"]
[Round "5"]
[White "Collas,S"]
[Black "Buscara,S"]
[Result "1/2-1/2"]
[WhiteElo "2352"]
[BlackElo "2245"]

1.c4 c6 2.e4 e5 3.Nf3 d6 4.h3 Nf6 5.Nc3 Be7 6.d4 Qc7 7.Be2 O-O 8.O-O h6 9.Qc2 Nbd7
10.Rd1 a6 11.Bd2 b5 12.Rac1 b4 13.Na4 c5 14.d5 Nh7 15.b3 Qd8 16.a3 a5 17.Ra1 Bb7
18.Ra2 Nb6 19.Nxb6  1/2-1/2

[Event "Grand Prix CCAS"]
[Site "Cap D'Agde FRA"]
[Date "2008.10.29"]
[Round "6"]
[White "Ivanov,Jo"]
[Black "Laclau,D"]
[Result "1-0"]
[WhiteElo "2428"]
[BlackElo "2268"]

1.c4 c6 2.e4 e5 3.Nf3 d6 4.d4 Nd7 5.Nc3 Ngf6 6.Be2 Be7 7.O-O O-O 8.Be3 a6
9.d5 cxd5 10.cxd5 b5 11.b4 Bb7 12.Nd2 Nb6 13.a4 bxa4 14.Nxa4 Nfd7 15.Nb3 Nxa4
16.Rxa4 Bg5 17.Bxg5 Qxg5 18.Na5 Bc8 19.Qc1 Qg6 20.f3 Nf6 21.Rf2 Nh5 22.Nc6 Re8
23.Bf1 f5 24.b5 fxe4 25.fxe4 Nf6 26.bxa6 Bd7 27.Rb4 Nxe4 28.Bd3 Qg5 29.Qxg5 Nxg5
30.h4 e4 31.Be2 Nf7 32.Rb7 Bxc6 33.dxc6 Ne5 34.c7 e3 35.Rf1 d5 36.Rd1 Ng6
37.g3 Ne7 38.Kf1 Kf7 39.Bb5 Rf8 40.Ke2 Ke6 41.Rb6+ Ke5 42.Bd7 Rf6 43.Rdb1 d4
44.Kd3  1-0

[Event "WYCC Boys U14"]
[Site "Vung Tau City VIE"]
[Date "2008.10.30"]
[Round "11"]
[White "Garcia,Jan"]
[Black "Vidit,S"]
[Result "0-1"]
[WhiteElo "2256"]
[BlackElo "2356"]

1.c4 c6 2.Nf3 d5 3.b3 Nf6 4.Bb2 Bg4 5.Ne5 Bh5 6.g3 Nbd7 7.Nxd7 Qxd7 8.d4 dxc4
9.bxc4 e5 10.d5 cxd5 11.cxd5 Nxd5 12.a3 Rd8 13.Bg2 Qb5 14.Qc2 Bb4+ 15.Kf1 O-O
16.Be4 Ba5 17.Bxh7+ Kh8 18.Bd3 Qd7 19.Bf5 Bg6 20.Bxd7 Bxc2 21.Bh3 Ne3+ 22.fxe3 Rd1+
23.Kf2 Rxh1 24.Bf1 Rxh2+ 25.Kg1 Rh6 26.Bxe5 Re8 27.Bd4 Be1 28.Nc3 Bxg3 29.Bg2 Bf5
30.Bxb7 Rg6 31.Bd5 Bh4+ 32.Kh2 Rf8 33.Rf1 Rg5 34.Ne4 Bxe4 35.Bxe4 Bg3+ 36.Kg2 f5
37.Bd5 Bh4+ 38.Kf3 f4 39.Rh1 fxe3+ 40.Kxe3 Rxd5 41.Rxh4+ Kg8 42.Bxa7 Ra8
43.Ke4 Rd7 44.Bc5 Re8+ 45.Kf3 Rf7+ 46.Kg3 Rxe2 47.Rd4 Re5 48.Bd6 Re3+ 49.Kg4 Rd7
50.Kf5 Kf7 51.a4 Re6 52.Bc5 Rxd4 53.Bxd4 Ra6 54.Be5 Rxa4 55.Kg5 Ra5 56.Kf5 Rxe5+
57.Kxe5 Kg6 58.Ke4 Kg5 59.Kf3 Kh4 60.Kf2 Kh3 61.Kf1 Kg3 62.Kg1 g5 63.Kh1 Kh3  0-1

[Event "SenWM"]
[Site "Bad Zwischenahn GER"]
[Date "2008.10.31"]
[Round "4"]
[White "Uhlmann,W"]
[Black "Piankov,E"]
[Result "1-0"]
[WhiteElo "2417"]
[BlackElo "2321"]

1.c4 c6 2.d4 d5 3.Nf3 e6 4.Qc2 f5 5.g3 Nf6 6.Bg2 Bd6 7.O-O O-O 8.b3 Qe7 9.Nc3 b6
10.Bf4 Ba6 11.Bxd6 Qxd6 12.cxd5 cxd5 13.Rfc1 Nbd7 14.Qb2 Rac8 15.Rc2 Rc6
16.b4 Bc4 17.b5 Rc7 18.Nd1 Ne4 19.Ne3 Rfc8 20.Rac1 Qf8 21.Ne5 Nxe5 22.dxe5 Qe7
23.a4 Kf7 24.Kf1 Kf8 25.Bxe4 fxe4 26.Qd4 Qc5 27.Qxc5+ Rxc5 28.Nxc4 dxc4 29.Rc3 Ke7
30.h4 Rxe5 31.Rxc4 Rxc4 32.Rxc4 Kd6 33.e3 h5 34.Ke2 g6 35.Rd4+ Ke7 36.Kf1 Ke8
37.Kg2 Ke7 38.g4 hxg4 39.Kg3 Ke8 40.Kxg4 Ke7 41.Rc4 Kd7 42.Kg3 Kd8 43.Kf4 Rf5+
44.Kxe4 Rxf2 45.Ke5 Kd7 46.Rf4 Re2 47.Rf7+ Ke8 48.Rxa7 Rxe3+ 49.Kd6 e5 50.Re7+ Kf8
51.Rxe5 Rc3 52.a5 bxa5 53.b6  1-0

[Event "TCh-NED 2008-9"]
[Site "Netherlands NED"]
[Date "2008.11.01"]
[Round "2"]
[White "Reinderman,D"]
[Black "Kroeze,F"]
[Result "1-0"]
[WhiteElo "2537"]
[BlackElo "2424"]

1.c4 c6 2.Nc3 d5 3.d4 e6 4.e4 dxe4 5.Nxe4 Bb4+ 6.Bd2 Qxd4 7.Bxb4 Qxe4+ 8.Be2 Nd7
9.Nf3 b6 10.Bd6 Bb7 11.O-O O-O-O 12.Bd3 Qg4 13.h3 Qh5 14.Be2 Nc5 15.b4 Ne4
16.Nd2 Qh4 17.Nxe4 Qxe4 18.Bf3 Qh4 19.c5 Qxb4 20.Rb1 Qa5 21.Qc1 Nf6 22.Rd1 b5
23.Rd3 Qa4 24.Ra3 Qd4 25.Rxa7 Rxd6 26.Rxb7 Kxb7 27.Rxb5+ Kc7 28.cxd6+ Qxd6
29.Bxc6 Rb8 30.Bb7+ Kd8 31.a4 Qc7 32.Qb2 Nd7 33.g3 Nc5 34.Qd4+ Qd7 35.Qxc5 Rxb7
36.Rxb7  1-0

[Event "SenWM"]
[Site "Bad Zwischenahn GER"]
[Date "2008.11.02"]
[Round "6"]
[White "Joksic,S"]
[Black "Limberg,S"]
[Result "1-0"]
[WhiteElo "2259"]
[BlackElo "2131"]

1.c4 c6 2.Nf3 Nf6 3.g3 d5 4.Bg2 dxc4 5.Qc2 g6 6.Qxc4 Be6 7.Qc2 Bg7 8.Ng5 Bd7
9.Qb3 O-O 10.Qxb7 Qb6 11.Qxb6 axb6 12.d4 Na6 13.Bd2 h6 14.Nf3 Nd5 15.O-O Nab4
16.Na3 c5 17.e4 Nc7 18.Bxb4 cxb4 19.Nc2 Bb5 20.Rfc1 Na6 21.Bf1 Bxf1 22.Kxf1 Rfc8
23.Ne3 e6 24.Nc4 Rab8 25.Nd6 Rd8 26.Rc6 f6 27.Rac1 e5 28.dxe5 fxe5 29.Nc4 Nc5
30.Ncxe5 g5 31.Rc7 g4 32.Nxg4 Bxb2 33.Nxh6+ Kf8 34.Rc4 Bc3 35.e5 Rd7 36.R4xc5 bxc5
37.Rxd7 Ra8 38.Rc7 Rxa2 39.Rxc5 Ra6 40.Nf5 Rb6 41.N5d4 b3 42.Rxc3 b2 43.Nd2  1-0

[Event "IX Rapid Open"]
[Site "El Sauzal ESP"]
[Date "2008.11.02"]
[Round "7"]
[White "Paunovic,D"]
[Black "Malakhatko,V"]
[Result "0-1"]
[WhiteElo "2532"]
[BlackElo "2633"]

1.c4 c6 2.e4 d5 3.exd5 cxd5 4.cxd5 Nf6 5.Nc3 Nxd5 6.Nf3 e6 7.d4 Bb4 8.Bd2 Nc6
9.Bd3 Be7 10.a3 Nf6 11.Be3 O-O 12.O-O b6 13.Qe2 Bb7 14.Rad1 Rc8 15.Ne5 Qd6
16.Bf4 Nxd4 17.Qe3 Qc5 18.Ne4 Bxe4 19.Bxe4 Nf5 20.Bxf5 exf5  0-1

[Event "IX Rapid Open"]
[Site "El Sauzal ESP"]
[Date "2008.11.02"]
[Round "9"]
[White "Strikovic,A"]
[Black "Tatai,S"]
[Result "1-0"]
[WhiteElo "2533"]
[BlackElo "2362"]

1.c4 c6 2.Nf3 d5 3.b3 Bg4 4.e3 Nf6 5.Bb2 e6 6.h3 Bh5 7.g4 Bg6 8.Ne5 Nbd7
9.Nxg6 hxg6 10.Bg2 a5 11.Nc3 Nc5 12.d4 Nce4 13.Qc2 Bb4 14.a3 Bxc3+ 15.Bxc3 Nxc3
16.Qxc3 Qe7 17.f3 Nd7 18.O-O O-O 19.f4 f5 20.g5 Kf7 21.Kf2 Rh8 22.Kg3 a4
23.Rfb1 axb3 24.Rxb3 b6 25.cxd5 cxd5 26.Rc1 Ra4 27.Qb2 Rha8 28.Rcc3 Kg8  1-0

[Event "21st Belgrade Trophy"]
[Site "Obrenovac SRB"]
[Date "2008.11.02"]
[Round "6"]
[White "Jovanovic,De"]
[Black "Damjanovic,D"]
[Result "1/2-1/2"]
[WhiteElo "2040"]
[BlackElo "2229"]

1.c4 c6 2.g3 d5 3.cxd5 cxd5 4.Bg2 Nc6 5.d4 e6 6.Nf3 Bd6 7.O-O Nf6 8.b3 Qe7
9.Bb2 O-O 10.Nc3 a6 11.Rc1 Bd7 12.Na4 Be8 13.Nd2 Rb8 14.Re1 Bd7 15.e4 dxe4
16.Nxe4 Nxe4 17.Bxe4 Qd8 18.Nc5 Bxc5 19.dxc5 Qe7 20.Qh5 g6 21.Qh6 f6 22.Rcd1 Nd8
23.Bxg6 Bc6 24.Bf5 Qf7 25.Be4 Rc8 26.Rd6 Bxe4 27.Rxe4 Qg6 28.Qxg6+ hxg6 29.Rd7 e5
30.Rg4 g5 31.h4 Rf7 32.Rxf7 Nxf7 33.hxg5 fxg5 34.b4 a5 35.a3 Kg7 36.a4 Kg6
37.Kf1 Kf5 38.f3 b6 39.Rc4 bxc5 40.Rxc5 Rxc5 41.bxc5 e4 42.Kf2 exf3 43.Kxf3 Nd8
44.Bc3 Nc6 45.Ke3 Kg4 46.Be1 Kf5 47.Kd3 Ke5 48.Kc4 Na7 49.Bd2 g4 50.Bf4+ Ke4
51.Bc7 Nc6 52.Kb5 Kd5 53.Bf4 Nd4+  1/2-1/2

[Event "12th OIBM"]
[Site "Bad Wiessee GER"]
[Date "2008.11.03"]
[Round "3"]
[White "Loew,Gera"]
[Black "Teske,H"]
[Result "1/2-1/2"]
[WhiteElo "2307"]
[BlackElo "2513"]

1.c4 c6 2.g3 d5 3.Bg2 Nf6 4.Nf3 dxc4 5.Qc2 b5 6.b3 cxb3 7.axb3 Bb7 8.Ba3 g6
9.O-O Bg7 10.d4 O-O 11.e4 c5 12.e5 Nfd7 13.Bxc5 Nxc5 14.Qxc5 a6 15.Nc3 Nd7
16.Qa3 Rc8 17.Ne2 e6 18.Ne1 Bxg2 19.Kxg2 Nb8 20.Nd3 Rc2 21.Ra2 Qd5+ 22.f3 Rfc8
23.Nb4 Bf8 24.Nxd5 Bxa3 25.Nf6+ Kg7 26.Rxa3 Rxe2+ 27.Rf2 Re3 28.f4 Rd3 29.Raa2 Rxb3
30.d5 exd5 31.Rfd2 d4 32.Rxd4 a5 33.Rad2 b4 34.Rd8 Rbc3 35.g4 h5 36.Ne8+ Kh6
37.g5+ Kh7 38.Nf6+ Kg7 39.Ne8+ Kf8 40.Nf6+ Kg7 41.Ne8+ Kf8 42.Nf6+  1/2-1/2

[Event "Pan-American Continental"]
[Site "Boca Raton USA"]
[Date "2008.11.03"]
[Round "3"]
[White "Ehlvest,J"]
[Black "Escobar Forero,A"]
[Result "1-0"]
[WhiteElo "2581"]
[BlackElo "2482"]

1.c4 c6 2.e4 d5 3.exd5 cxd5 4.cxd5 Nf6 5.Bc4 Nbd7 6.Nf3 g6 7.O-O Bg7 8.Nc3 O-O
9.d4 Nb6 10.Bb3 Nbxd5 11.Ne5 Be6 12.Qf3 Qd6 13.Bg5 Rad8 14.Rfe1 a6 15.Rad1 Nxc3
16.bxc3 Bd5 17.Qh3 b5 18.Rd3 Rfe8 19.Qh4 a5 20.Rh3 a4 21.Bxd5 Qxd5 22.a3 Qd6
23.f4 Qxa3 24.f5 h5 25.fxg6 fxg6 26.Nxg6 Qd6 27.Bf4 Qd7 28.Rg3 Qf5 29.h3 Kh7
30.Nxe7  1-0

[Event "21st Belgrade Trophy"]
[Site "Obrenovac SRB"]
[Date "2008.11.03"]
[Round "7"]
[White "Nenezic,Z"]
[Black "Nikolic,Ma"]
[Result "0-1"]
[WhiteElo "1892"]
[BlackElo "2063"]

1.c4 c6 2.e4 d6 3.Nc3 g6 4.d4 Bg7 5.Be3 c5 6.Qd2 cxd4 7.Bxd4 Bxd4 8.Qxd4 Nf6
9.f3 O-O 10.O-O-O Qa5 11.g4 Nc6 12.Qd2 Be6 13.g5 Nd7 14.f4 Nc5 15.Nf3 Nb4
16.Kb1 Nxe4 17.Qd4 Nxc3+ 18.Qxc3 Bf5+ 19.Bd3 Bxd3+ 20.Rxd3 Qxa2+ 21.Kc1 Nxd3+
22.Qxd3 Rac8 23.Nd2 b5 24.b3 bxc4 25.bxc4 d5 26.Kd1 dxc4 27.Qc3 Rfd8  0-1

[Event "21st Belgrade Trophy"]
[Site "Obrenovac SRB"]
[Date "2008.11.04"]
[Round "8"]
[White "Bogdanovski,V"]
[Black "Savic,Miod1"]
[Result "1/2-1/2"]
[WhiteElo "2393"]
[BlackElo "2522"]

1.c4 c6 2.e4 e5 3.Nf3 d6 4.d4 Nd7 5.Nc3 Ngf6 6.Be2 Be7 7.O-O O-O 8.Be3 Qc7
9.d5 a6 10.Nd2 h6 11.a3 Rb8 12.Qc2 cxd5 13.cxd5 b5 14.Rfc1 Bb7 15.Qd1 Qd8
16.b4 Rc8 17.a4 bxa4 18.Qxa4 Nb6 19.Qa5 Nfd7 20.Bxa6 Bxa6 21.Qxa6 Bg5 22.Nd1 Ra8
23.Qb5 Rxa1 24.Rxa1 Qc7 25.Qc6 Qb8 26.Nb3 Bxe3 27.Nxe3 Nf6 28.Ra6 Nc8 29.Qc4 Ne7
30.Na5 Nc8 31.Nc6 Qb7 32.b5 g6 33.f3 Nd7 34.Na5 Qb8 35.Qc6 Ncb6 36.Nac4 Nxc4
37.Nxc4 Nc5 38.Nb6 Nxa6 39.bxa6 Qd8 40.a7 Qg5 41.Qc3 Qe7 42.Qa5 Qg5 43.Qc3 Qe7
44.Qa3 Qc7 45.a8=N Qc2 46.h3 Rd8 47.Kh2 Kg7 48.Qa7 Qc1 49.Qc7 Qg5 50.Kh1 h5
51.Kg1 h4 52.Kh1 Qf6 53.Kg1 Rh8 54.Nd7 Qe7 55.Nab6 Rd8 56.Kh1 f6 57.Kg1 f5
58.Kh2  1/2-1/2

[Event "FSIMA November"]
[Site "Budapest HUN"]
[Date "2008.11.06"]
[Round "6"]
[White "Kjartansson,G"]
[Black "Werner,Di"]
[Result "1/2-1/2"]
[WhiteElo "2284"]
[BlackElo "2328"]

1.c4 c6 2.d4 d5 3.Nc3 Nf6 4.Nf3 g6 5.e3 Bg7 6.Qb3 O-O 7.Bd2 dxc4 8.Bxc4 Nbd7
9.Ne5 Nxe5 10.dxe5 Ne8 11.f4 b5 12.Be2 Be6 13.Qc2 f6 14.exf6 exf6 15.Bf3 Nd6
16.e4 Nc4 17.Bc1 Qb6 18.b3 f5 19.e5 Nxe5 20.fxe5 Bxe5 21.Bb2 Rad8 22.Ne2 Bxb2
23.Qxb2 c5 24.O-O c4+ 25.Kh1 cxb3 26.axb3 Qe3 27.Qc1 Rd2 28.Nc3 Bxb3 29.Nxb5 Rfd8
30.Nxa7 Bd5 31.Nc6 Bxf3 32.Rxf3 Qe2 33.Qf1 Qxf1+ 34.Rfxf1 R8d6 35.Ne5 R2d5
36.Nf3 Kg7 37.Ra7+ Rd7 38.Rxd7+ Rxd7 39.Rb1 Kh6 40.h3 Ra7 41.Kh2 Rc7 42.Rb6 Ra7
43.Kg3 Rc7 44.Rd6 Ra7 45.Nd4 Kg5 46.h4+ Kh5 47.Nf3 Rb7 48.Rd4 Ra7 49.Rd3 Rb7
50.Ng1 Ra7 51.Nh3 Rb7 52.Ng5 Ra7 53.Kh3 Rb7 54.Rd5 Ra7 55.Ne6 Kh6 56.Rd6 Ra3+
57.g3 Ra7 58.Nf8 Rf7 59.Nd7 Re7 60.Rd5 Re2 61.Ne5 Re3 62.Kg2 Kh5 63.Kf2 Re4
64.Kf3 Ra4 65.Rd7 h6 66.Rd6 g5 67.hxg5 hxg5 68.Rf6 Ra3+ 69.Kf2 Ra2+ 70.Kf3 Ra3+
71.Kf2 Ra2+ 72.Ke3 f4+ 73.gxf4 gxf4+ 74.Rxf4 Kg5 75.Rd4 Kf5 76.Nc4 Ra8  1/2-1/2

[Event "12th OIBM"]
[Site "Bad Wiessee GER"]
[Date "2008.11.09"]
[Round "9"]
[White "Loew,Gera"]
[Black "Lodes,H"]
[Result "1-0"]
[WhiteElo "2307"]
[BlackElo "2168"]

1.c4 c6 2.g3 Nf6 3.Bg2 d5 4.Nf3 dxc4 5.Qc2 b5 6.b3 cxb3 7.axb3 Bb7 8.Ba3 c5
9.Qxc5 a6 10.O-O e6 11.Qd4 Nc6 12.Qxd8+ Nxd8 13.Bxf8 Rxf8 14.Nc3 Ne4 15.Nxe4 Bxe4
16.Nd4 Bxg2 17.Kxg2 b4 18.Rfc1 Kd7 19.Rc4 e5 20.Nc2 Nc6 21.Nxb4 Nxb4 22.Rxb4 Rfb8
23.Rxa6 Rxb4 24.Rxa8 Rxb3 25.Rh8 Ke7 26.Rxh7 g6 27.d3 Rb2 28.Kf3 Ke6 29.g4 f5
30.g5 e4+ 31.dxe4 fxe4+ 32.Kxe4 Rxe2+ 33.Kf3 Rb2 34.h4 Rb3+ 35.Kg4 Rb4+ 36.Kg3 Rb3+
37.f3 Ke5 38.Re7+ Kd5 39.Rf7 Rb6 40.h5 gxh5 41.Kh4  1-0

[Event "Russia Cup Final w"]
[Site "Serpuhov RUS"]
[Date "2008.11.12"]
[Round "4.2"]
[White "Kovalevskaya,E"]
[Black "Gunina,V"]
[Result "0-1"]
[WhiteElo "2439"]
[BlackElo "2381"]

1.c4 c6 2.Nf3 d5 3.e3 Nf6 4.Nc3 e6 5.b3 Nbd7 6.Qc2 Bd6 7.d4 O-O 8.Bd3 dxc4
9.bxc4 e5 10.O-O Re8 11.Ng5 Nf8 12.d5 Bb4 13.e4 Bg4 14.h3 Bh5 15.g4 Bg6 16.Ne2 h6
17.Nf3 cxd5 18.cxd5 Nxd5 19.Rb1 Rc8 20.Qa4 Nc3 21.Nxc3 Qxd3 22.Rxb4 Qxf3
23.Nd5 Qxh3 24.f3 Qg3+ 25.Kh1 h5 26.g5 h4 27.Qd1 h3 28.Qe2 Bh5 29.Rb3 Ne6
30.Be3 Nxg5 31.Bxg5 Qxg5 32.Ne3 Qf4 33.Nd5 Qg5 34.Ne3 b6 35.Rg1 Qf4 36.Nf5 Rc1
37.Rxc1 Qxc1+ 38.Kh2 Rd8 39.Rd3 Rxd3 40.Qxd3 Qf4+ 41.Kxh3 Bxf3  0-1

[Event "38th Olympiad"]
[Site "Dresden GER"]
[Date "2008.11.13"]
[Round "1"]
[White "Rodgaard,J"]
[Black "Peiris,T"]
[Result "1-0"]
[WhiteElo "2383"]
[BlackElo "2100"]

1.c4 c6 2.Nf3 Nf6 3.d4 d5 4.Qc2 dxc4 5.Qxc4 b5 6.Qd3 e6 7.Bg5 Nbd7 8.e4 a6
9.Nbd2 Qb6 10.Be2 Bb7 11.O-O c5 12.e5 c4 13.Qb1 Nd5 14.Ne4 h6 15.Bd2 g5 16.h3 Rg8
17.Be3 g4 18.hxg4 Rxg4 19.Nfd2 Rg8 20.Bf3 Be7 21.Nc3 Nxe3 22.fxe3 Nxe5 23.dxe5 Qxe3+
24.Kh1 Rxg2 25.Kxg2 Qg5+ 26.Kf2 Qxd2+ 27.Ne2 Bc5+ 28.Kg3 Qg5+ 29.Kh3 Bxf3
30.Rxf3 Qh5+ 31.Kg2 Ke7 32.Qe4 Rg8+ 33.Rg3 Rd8 34.Rh1  1-0